| 000 | 01453nam a2200409 i 4500 | ||
|---|---|---|---|
| 001 | 11080 | ||
| 003 | KOSZ 005 | ||
| 005 | 20200427105203.0 | ||
| 008 | 200427s1963 pl a g 000 0 pol | ||
| 015 | _aPB 1963/6765 | ||
| 035 | _a991006963959705066 | ||
| 035 | _a(PL-WaBN)b11810488-48omnis_nlop | ||
| 035 | _ab11810488 | ||
| 035 | _a(OCoLC)835847452 | ||
| 035 | _a(PL)b0000001181048 | ||
| 035 | _a(EXLNZ-48OMNIS_NETWORK)9910324556205606 | ||
| 040 |
_aWA N _cWA N _dKOSZ 005/RW |
||
| 046 | _k1963 | ||
| 080 | _a0/9 | ||
| 080 | _a(03) | ||
| 245 | 0 | 0 |
_aWielka encyklopedia powszechna PWN. _n2, _pBli - Deo / _c[przewodniczący komitetu redakcyjnego Bogdan Suchodolski]. |
| 260 |
_aWarszawa : _bPaństwowe Wydawnictwo Naukowe, _c1963. |
||
| 300 |
_a887, [1] stron, [56] stron tablic : _bilustracje (w tym kolorowe) mapy, portrety, wykresy ; _c25 cm. |
||
| 336 |
_aTekst _btxt _2rdacontent |
||
| 337 |
_aBez urządzenia pośredniczącego _bn _2rdamedia |
||
| 338 |
_aWolumin _bnc _2rdacarrier |
||
| 380 | _aKsiążki | ||
| 380 | _aPublikacje informacyjne | ||
| 388 | _a1901-2000 | ||
| 388 | _a1945-1989 | ||
| 655 | 7 |
_aEncyklopedia polska _2DBN |
|
| 700 | 1 |
_aSuchodolski, Bogdan _d(1903-1992) _eRedakcja |
|
| 710 | 2 |
_aPaństwowe Wydawnictwo Naukowe _4pbl |
|
| 856 |
_uhttp://koha.tu.koszalin.pl/cgi-bin/koha/opac-detail.pl?biblionumber=11080 _yKatalog online BPK |
||
| 942 |
_2UKD _cKS |
||
| 999 |
_c11080 _d11080 |
||